Регионална библиотека "Любен Каравелов" - Русе

Силовата подготовка на спортиста (Запис номер 170494)

MARC детайли
000 -Лидер
Контролно поле с фиксирана дължина nam a22 a 4500
003 - Код на организацията, давaща контролен номер
Контролно поле BLK
005 - Дата и час на последна редакция
Контролно поле 20220502162556.0
008 - Елементи от данни с фиксирана дължина
fixed length control field 180411b bul|||||r ||||||| ||bul||
010 ## - Наследен системен номер
LC control number KNG00178652000
040 ## - Източник на каталожния запис
Идентификатор на билиотеката - собственик на записа BLK
041 ## - Код за език
Код за езика на текст/звукозапис или на отделно заглавие Български
Код за езика КДБФ Български
080 ## - УДК
Текстов определител УДК Методика. Спортни тренировки. Спортни резултати
УДК код - определител по УДК 796.015
УДК - код + определител 796.015
100 1# - Редна дума - Автор
Автор Матеев, Драгомир Матеев
Авторска отговорност първи автор
R(LIN) 338572
139 ## - Редно поле
Редна дума Матеев, Драгомир Матеев и др.
Авторски знак Мате - М 39
245 10 - Сведения за заглавието
Заглавие Силовата подготовка на спортиста
Редно поле (дума) Драгомир Матеев Матеев; съавт. Спиридон Тодоров Моров; съавт. Ангел Акрабов.
257 ## - Страна на издаване
Страна на създаване/издаване България
260 ## - Област на издателските данни
Място на издаване, разпространение и проч. София
Име на издателя, разпространителя и проч. Медицина и физкултура
Година на издаване 1964
300 ## - Физическа характеристика
Страници 151 с.
Илюстрации и др. с ил.
Размери/Мащаб 25 см
380 ## - Жанр
Жанр 793/799 Спорт
500 ## - Общи забележки
Забележка 2 676 тир. - Библиогр. с. 147-149.
650 #4 - Допълнително описание по предмет – тема
Основно описание – тема или топоним Тренировки
9 (RLIN) 174001
650 #4 - Допълнително описание по предмет – тема
Основно описание – тема или топоним Спорт, физкултура, туризъм
9 (RLIN) 336711
653 ## - Ключова дума – ненормативна
Ключова дума спортни тренировки
700 1# - Други автори (авторска отговорност)
Лично име Моров, Спиридон Тодоров
Автороска отговорност (Описва отношението между автора и произведението) съавт.
9 (RLIN) 338573
700 1# - Други автори (авторска отговорност)
Лично име Акрабов, Ангел
Автороска отговорност (Описва отношението между автора и произведението) съавт.
9 (RLIN) 382685
852 ## - Местоположение
Форматна сигнатура Цб 32748
Фондова буква Хранилище
856 4# - Електронен адрес и достъп
Електронен формат pdf - файл
856 4# - Електронен адрес и достъп
Електронен формат pdf - файл
999 ## - СИСТЕМНИ КОНТРОЛНИ НОМЕРА
Koha biblionumber 170494
Koha biblioitemnumber 170494
942 ## - АРТИКУЛИ
Вид на библиотечния материал Книги
Скрит в OPAC Не
Периодичен библиозапис Да
944 ## - СЪЗДАВАНЕ И РЕДАКЦИЯ на ЗАПИСА
Създаване/Редакция Създаване
Дата на регистрацията/редакция 22.07.2015
Статус, дата на статуса ф /
Служител, извършил регистрацията/редакцията Людмила_Стоянова
944 ## - СЪЗДАВАНЕ И РЕДАКЦИЯ на ЗАПИСА
Създаване/Редакция Редакция
Дата на регистрацията/редакция 22.07.2015
Статус, дата на статуса ф /
Служител, извършил регистрацията/редакцията Людмила_Стоянова
Наличности
Код за отписване Код за изгубен артикул Източник на класификационната схема Код за повреда Коз за рестрикции Код за отдаване Артикулен № Име на библиотеката - собственик Име на библиотеката, в която се намира в момента Статус (Текущо местоположение) Дата на вписване в системата Местоположение - отдел Цена в лева Инвентарен номер Систематично азбучна сигнатура Баркод Номер на екземпляра Цена в евро Служебна бележка Служебен тип на артикула
  Не е изгубен Universal Decimal Classification Не е повреден само за читалня ползва се в читалня 288881 Регионална библиотека "Любен Каравелов" Русе Регионална библиотека "Любен Каравелов" Русе Хранилище 1964-01-01 Хранилище 0.32 4334/65 Цб 32748 900000095114 1 0.16 Дост: Dp Вид: Д N: стар фонд Дата: 01.01.1964 Книги
Изтеглен Не е изгубен Universal Decimal Classification Не е повреден без рестрикции заемане за дома 288882 Регионална библиотека "Любен Каравелов" Русе Регионална библиотека "Любен Каравелов" Русе Заемна - подръчен фонд 1964-01-01 Заемна - подръчен фонд 0.00 3411/65 П 796/М 39 3411/65 2 0.00 Дост: Pk Вид: Ф N: стар фонд Дата: 01.01.1964 Книги
Изтеглен Не е изгубен Universal Decimal Classification Не е повреден без рестрикции заемане за дома 288883 Регионална библиотека "Любен Каравелов" Русе Регионална библиотека "Любен Каравелов" Русе Заемна - подръчен фонд 1964-01-01 Заемна - подръчен фонд 0.00 3412/65 П 796/М 39 3412/65 3 0.00 Дост: Pk Вид: Ф N: стар фонд Дата: 01.01.1964 Книги
Изтеглен Не е изгубен Universal Decimal Classification Не е повреден без рестрикции заемане за дома 288884 Регионална библиотека "Любен Каравелов" Русе Регионална библиотека "Любен Каравелов" Русе Заемна - подръчен фонд 1964-01-01 Заемна - подръчен фонд 0.00 3413/65 П 796/М 39 3413/65 4 0.00 Дост: Pk Вид: Ф N: стар фонд Дата: 01.01.1964 Книги
Vip Innovations Ltd, Rousse, Bulgaria 2025